000 00690nam a2200217Ii 4500
003 JO-AjNU
008 230606s9999||||xx |||||||||||||| ||und||
020 _a0-333-53152-3(hardback) , 0-333-53153-1(Paperback)
040 _aJO-AjNU
_beng
_erda
_cJO-AjNU
041 _aeng
050 1 4 _aPR6019.09.Z718 2003
100 3 _aMaccabe, Colin,
_eauthor
_92585
245 0 0 _aJames Joyce and the Revolution Of the Word
250 _a1 ed
264 3 1 _aLondon: PALGRAVE MACMILLAN, 2003
300 _a250P
336 _atext
_btxt
_2rdacontent
337 _aunmediated
_bn
_2rdamedia
338 _avolume
_bnc
_2rdacarrier
650 4 _a Criticism and interpretation - Ireland In Literature
_92586
999 _aE1352
_c1352
_d1352